Musée littéraire et historique, ou, Choix des meilleurs morçeaux de la littérature et de l'histoire anciennes et modernes orné de portraits de personnages célébres / mis en ordre et publié par P. A. Fargues

Detalles Bibliográficos
Autor principal: Fargues, P. A.
Formato: Libro
Lenguaje:French
Publicado: Paris : P. A. Fargues, éditeur, 1841.
Materias:
Colección:Banco de datos
Acervo:Seminario Conciliar de Nuestra Señora de Guadalupe Querétaro. Qro.. Biblioteca Florencio Rosas. Fondo Histórico
Descripción Física:[2] h., 383 p. + [12] h. de grab. : il. ; 24 cm.
Tema general:Literatura francesa
Notas:Texto con signaturas. Colofón en el verso de la anteportada: Imprimerie de E. Duverger, rue de Verneuil, n. 4. Encuadernación holandesa. Sello en tinta de la Secret. Social, Querétaro. Daños de humedad
LEADER 01423nam a22002050004500
035 |a 7940 
041 0 |a fre 
100 1 |a Fargues, P. A.  
245 1 0 |a Musée littéraire et historique, ou, Choix des meilleurs morçeaux de la littérature et de l'histoire anciennes et modernes orné de portraits de personnages célébres / mis en ordre et publié par P. A. Fargues 
260 |a Paris : P. A. Fargues, éditeur, 1841.  
300 |a [2] h., 383 p. + [12] h. de grab. : il. ; 24 cm. 
500 |a Texto con signaturas. Colofón en el verso de la anteportada: Imprimerie de E. Duverger, rue de Verneuil, n. 4. Encuadernación holandesa. Sello en tinta de la Secret. Social, Querétaro. Daños de humedad 
504 |a Incluye índice de contenido 
505 0 0 |a Littérature, philosophie chrétiennes, éloquence de la chaire, de la tribune et du barreau, philosophie, belles-lettres, poésie, romans, théatre, histoire, biographie, récits glorieux, bulletins mémorables, anecdotes historiques, voyages, découvertes, traductions, auteurs grecs, latins, italiens, allemands, etc. 
650 1 0 |a Literatura francesa 
730 0 |a Choix des meilleurs morçeaux de la littérature et de l'histoire anciennes et modernes 
949 |a Fondo Histórico: 16403 
942 |c Q.R.H.T 
943 |g Seminario Conciliar de Nuestra Señora de Guadalupe Querétaro. Qro.. Biblioteca Florencio Rosas. Fondo Histórico 
999 |c 1089395  |d 1089395